Sports Quiz

Random Sports or Clickable Quiz

Minnesota Timberwolves 2017-18 Name Matching Quiz Stats

 Plays Quiz not verified by Sporcle

Score 0/14 Timer 04:00
0 Plays Today
% Correct
Jimmy
98.6%
Andrew
97.6%
Karl-Anthony
97.6%
Jamal
97%
Jeff
97%
Taj
96.6%
Shabazz
94.2%
% Correct
Gorgui
93.5%
Nemanja
93.5%
Aaron
90.9%
Tyus
90.9%
Cole
90.3%
Marcus
84.5%
Justin
81.5%

You're not logged in!

Compare scores with friends on all Sporcle quizzes.
OR
Log In

Show Comments

Extras

Top Quizzes Today


Score Distribution

Your Account Isn't Verified!

In order to create a playlist on Sporcle, you need to verify the email address you used during registration. Go to your Sporcle Settings to finish the process.

Report this User

Report this user for behavior that violates our Community Guidelines.

Details: